Daily Country Riddle #28 - Statistics

General Stats
  • This quiz has been taken 341 times
  • The average score is 14 of 15
Answer Stats
Type Answer % Correct
Found Letter A
99%
Found Letter I
98%
Found Letter N
97%
Found Letter R
96%
Correctly Placed Letter A
95%
Correctly Placed Letter I
95%
Found Letter M
93%
Found Letter A
92%
Found Letter O
90%
Correctly Placed Letter N
89%
Correctly Placed Letter A
88%
Correctly Placed Letter M
88%
Correctly Placed Letter O
85%
Correctly Placed Letter R
83%
Mystery Country Romania
83%
No matching quizzes found
Score Distribution
Percent of People with Each Score
Percentile by Number Answered
Your Score History
You have not taken this quiz